000 00836nam a2200217 a 4500
001 000033642
003 DO-SdBNP
005 20250318153557.0
008 110902s1877 dr 000 0 spa d
040 _aDO-SdBNP
_bspa
_cBNPHU
082 7 4 _a923.9
_bC719c
_222
245 0 0 _aColón en Quisqueya. Colección de documentos concernientes al descubrimiento de los restos de Cristóbal Colón en la Catedral de Santo Domingo
260 _aSanto Domingo :
_bGarcía Hermanos,
_c1877.
300 _a97 p. ;
_c16 cm.
590 _aInventariado, 2018/ YL
600 0 _aCOLÓN, CRISTOBAL,
_d1436-1456
_919795
650 4 _aExploradores
_vBiografías
_zAmérica
_976977
651 4 _aAmérica --
_xDescubrimiento y exploración --
_xEspañoles
_9544
_vEnsayo, conferencias, etc.
910 _aValidado. Control de calidad MFF
942 _2ddc
_cLBS1
999 _c33133
_d33133